Chanceliers fédéraux d'Autriche - Statistiques

Statistiques générales
  • Ce quiz a été pris 83 fois
  • Le résultat moyen est 10 sur 38
Statistiques - réponses
Hint Réponse % Correct
2017-2019 Sebastian Kurz
69%
2020-2021 Sebastian Kurz
69%
Depuis 2021 Karl Nehammer
63%
1932-1934 Engelbert Dollfuss
56%
2021-2021 Alexander Schallenberg
50%
2019-2020 Brigitte Bierlein
50%
2000-2007 Wolfgang Schüssel
50%
1970-1983 Bruno Kreisky
44%
1918-1920 Karl Renner
44%
1945-1945 Karl Renner
44%
1938-1938 Arthur Seyss-Inquart
38%
2016-2017 Christian Kern
38%
1934-1934 Kurt Schuschnigg
38%
1934-1938 Kurt Schuschnigg
38%
2008-2016 Werner Faymann
38%
1983-1986 Fred Sinowatz
31%
1953-1961 Julius Raab
31%
1945-1953 Leopold Figl
31%
1997-2000 Viktor Klima
31%
2007-2008 Alfred Gusenbauer
25%
1986-1997 Franz Vranitzky
25%
1961-1964 Alfons Gorbach
19%
2019-2019 Hartwig Löger
19%
1964-1970 Josef Klaus
19%
2016-2016 Reinhold Mitterlehner
19%
1922-1924 Ignaz Seipel
6%
1926-1929 Ignaz Seipel
6%
1930-1930 Carl Vaugoin
0%
1934-1934 Ernst Rüdiger Starhemberg
0%
1929-1929 Ernst Streeruwitz
0%
1921-1922 Johann Schober
0%
1922-1922 Johann Schober
0%
1929-1930 Johann Schober
0%
1931-1932 Karl Buresch
0%
1920-1921 Michael Mayr
0%
1930-1931 Otto Ender
0%
1924-1926 Rudolf Ramek
0%
1922-1922 Walter Breisky
0%
Aucun quiz correspondant
Distribution des résultats
% des personnes avec chaque résultat
Percentile par nombre de réponses
Votre historique - résultats
Vous n’avez pas pris ce quiz